Score 0/35 Timer 05:00
15 Plays Today
% Correct
United Kingdom
98.5%
Spain
98.4%
France
98.1%
Sweden
97.9%
Portugal
97.7%
Norway
97.6%
Ireland
97.4%
West Germany
97.3%
Finland
96.7%
Italy
96.4%
Greece
96.2%
Poland
96.2%
Turkey
95%
Iceland
94.6%
East Germany
94.3%
Austria
93.9%
Soviet Union
93.3%
Denmark
93%
% Correct
Netherlands
92.7%
Switzerland
92.5%
Belgium
92.4%
Hungary
91.3%
Romania
90.4%
Yugoslavia
88.3%
Czechoslovakia
87.1%
Luxembourg
86.5%
Bulgaria
86.2%
Vatican City
86%
Andorra
85.3%
Cyprus
83.4%
Albania
82.8%
Monaco
82.4%
Malta
81.9%
San Marino
81.6%
Liechtenstein
79.8%
Remove Ads.
Support Sporcle.
Get the best of Sporcle when you Go Orange. This ad-free experience offers more features, more stats, and more fun while also helping to support Sporcle. Thank you for becoming a member.

You're not logged in!

Compare scores with friends on all Sporcle quizzes.
OR
Log In

Show Comments

Extras

Top Quizzes Today


Score Distribution

Your Account Isn't Verified!

In order to create a playlist on Sporcle, you need to verify the email address you used during registration. Go to your Sporcle Settings to finish the process.

Report this User

Report this user for behavior that violates our Community Guidelines.

Details: